000 00693nam a2200217Ia 4500
003 GCL
008 140319s9999 xx 000 0 ara d
020 _a7381208977
040 _aGCL /
_cGCL
082 0 4 _a620.0042
_bع ت
100 1 _aعلى الحيدرى
245 1 0 _aالتصميم الحضرى - الهيكل والدراسات الميدانية /
_cعلى الحيدرى
700 1 _aعادل العبيدى
250 _aالاولى
260 _aالقاهرة :
_bمكتبة مدبولى ،
_c2002
300 _a246 ص ؛
_c24 سم
650 0 4 _aالتصميم الهندسى
650 0 4 _aالتصميم
650 0 4 _aالعمارة - تصميمات
942 _2ddc
_cBK
999 _c5513
_d5513